Industrial market research workbook (Record no. 28461)

MARC details
000 -LEADER
fixed length control field 00278nam a2200109Ia 4500
082 ## - DEWEY DECIMAL CLASSIFICATION NUMBER
Classification number 339.138
Item number PRO
100 ## - MAIN ENTRY--AUTHOR NAME
Personal name Prout, T P
245 #0 - TITLE STATEMENT
Title Industrial market research workbook
260 ## - PUBLICATION, DISTRIBUTION, ETC. (IMPRINT)
Place of publication Great Britain
Name of publisher Gower
Year of publication 1973
942 ## - ADDED ENTRY ELEMENTS (KOHA)
Koha item type Books
Holdings
Withdrawn status Lost status Damaged status Not for loan Home library Current library Date acquired Cost, normal purchase price Full call number Accession Number Koha item type
        RRII Library RRII Library 16/12/2021 17.85 339.138 PRO 09060 Books